[Bálent, Teodor]

Zobrazenie: Podobizeň prekladateľa, publicistu, redaktora, kultúrneho pracovníka, evanjelického kňaza Teodora Bálenta z roku 1925 (4.12.1871 Beckov - 14.3.1938 Nové Mesto nad Váhom).

Bibliographic Details
Format: Photo
Language:Slovak
PhysicalDescription:1 fotografia čb 18 x 13 cm
Published: [S.l. s.n.] 1925
Subjects:

MARC

LEADER 00000nkmaa2200000 a 4500
001 vtls010695809
003 SK-MaSNL
005 20260301224409.0
007 kh bo
008 230802s1925 xx | |||| k|slo
035 |a urn:nbn:sk:snk-km00bx35 
035 |a urn:nbn:sk:snk-km3lolt 
035 |a 6868BDDB-C974-4C31-8F0D-941318A93D66 
040 |a SNKLA  |b slo  |c SNKLA  |e AACR2 
041 0 |a slo 
245 0 0 |a [Bálent, Teodor]  |h grafika 
260 |a [S.l.  |b s.n.]  |c 1925 
300 |a 1 fotografia  |b čb  |c 18 x 13 cm 
520 2 |a Zobrazenie: Podobizeň prekladateľa, publicistu, redaktora, kultúrneho pracovníka, evanjelického kňaza Teodora Bálenta z roku 1925 (4.12.1871 Beckov - 14.3.1938 Nové Mesto nad Váhom). 
600 1 7 |a Bálent, Teodor,  |d 1871-1938  |2 SNKLA  |9 237300 
655 7 |a portrétne fotografie  |2 SNKLA  |9 305796 
852 7 |a Slovenská národná knižnica  |b Literárny archív 
958 |a ZO 
958 |a BLA 
999 |c 947039  |d 948969 
952 |a SNKLA  |b SNKLA  |c SNKLA_DEP  |y NEVYP  |7 0  |p 17A1007413  |o snkSB 6/8  |i snkLA 2924/1974  |0 0  |1 0  |4 0  |d 2015-07-29  |f 1  |l 0  |r 2026-02-24 09:37:16  |w 2026-02-24